<?xml version="1.0" encoding="UTF-8"?>
<record
    xmlns:xsi="http://www.w3.org/2001/XMLSchema-instance"
    xsi:schemaLocation="http://www.loc.gov/MARC21/slim http://www.loc.gov/standards/marcxml/schema/MARC21slim.xsd"
    xmlns="http://www.loc.gov/MARC21/slim">

  <leader>00870nam a2200205 a 4500</leader>
  <controlfield tag="001">000040814</controlfield>
  <controlfield tag="005">20201002034411.0</controlfield>
  <controlfield tag="008">130906s2009    sp            000 0 spa d</controlfield>
  <datafield tag="020" ind1=" " ind2=" ">
    <subfield code="a">9788476352502</subfield>
  </datafield>
  <datafield tag="040" ind1=" " ind2=" ">
    <subfield code="a">DO-SdBNP</subfield>
    <subfield code="b">spa</subfield>
    <subfield code="c">BNPHU</subfield>
  </datafield>
  <datafield tag="100" ind1="1" ind2=" ">
    <subfield code="a">Quilis, Antonio</subfield>
    <subfield code="9">28481</subfield>
  </datafield>
  <datafield tag="245" ind1="1" ind2="0">
    <subfield code="a">Principios de fonolog&#xED;a y fon&#xE9;tica espa&#xF1;olas /</subfield>
    <subfield code="c">Antonio Quilis.</subfield>
  </datafield>
  <datafield tag="250" ind1=" " ind2=" ">
    <subfield code="a">9&#xAA; ed.</subfield>
  </datafield>
  <datafield tag="260" ind1=" " ind2=" ">
    <subfield code="a">Madrid :</subfield>
    <subfield code="b">Arco Libros,</subfield>
    <subfield code="c">2009.</subfield>
  </datafield>
  <datafield tag="300" ind1=" " ind2=" ">
    <subfield code="a">96 p. ;</subfield>
    <subfield code="c">22 cm.</subfield>
  </datafield>
  <datafield tag="490" ind1="1" ind2=" ">
    <subfield code="a">Cuadernos de lengua espa&#xF1;ola ;</subfield>
    <subfield code="v">43</subfield>
  </datafield>
  <datafield tag="504" ind1=" " ind2=" ">
    <subfield code="a">Incluye referencias bibliogr&#xE1;ficos y notas al pie de las p&#xE1;ginas</subfield>
  </datafield>
  <datafield tag="505" ind1="0" ind2=" ">
    <subfield code="t">Fonolog&#xED;a y fon&#xE9;tica --</subfield>
    <subfield code="t">Articulaci&#xF3;n del sonido --</subfield>
    <subfield code="t">Ac&#xFA;stica del sonido --</subfield>
    <subfield code="t">Vocales --</subfield>
    <subfield code="t">Consonantes --</subfield>
    <subfield code="t">La s&#xED;laba --</subfield>
    <subfield code="t">El acento --</subfield>
    <subfield code="t">La entonaci&#xF3;n --</subfield>
    <subfield code="t">Alfabetos fon&#xE9;ticos --</subfield>
    <subfield code="t">Ejercicios --</subfield>
    <subfield code="t">Soluciones--</subfield>
  </datafield>
  <datafield tag="830" ind1=" " ind2="0">
    <subfield code="a">Cuadernos de lengua espa&#xF1;ola ;</subfield>
    <subfield code="n">43</subfield>
    <subfield code="9">67236</subfield>
  </datafield>
  <datafield tag="952" ind1=" " ind2=" ">
    <subfield code="0">0</subfield>
    <subfield code="1">0</subfield>
    <subfield code="5">0</subfield>
    <subfield code="7">1</subfield>
    <subfield code="8">MO</subfield>
    <subfield code="a">GR</subfield>
    <subfield code="b">GR</subfield>
    <subfield code="c">CT</subfield>
    <subfield code="d">2013-09-06</subfield>
    <subfield code="i">LF1</subfield>
    <subfield code="l">0</subfield>
    <subfield code="o"> </subfield>
    <subfield code="p">40814-10</subfield>
    <subfield code="r">2020-06-25</subfield>
    <subfield code="w">2020-06-25</subfield>
    <subfield code="y">1</subfield>
    <subfield code="Z">No se presta</subfield>
  </datafield>
  <datafield tag="999" ind1=" " ind2=" ">
    <subfield code="c">40304</subfield>
    <subfield code="d">40304</subfield>
  </datafield>
</record>
